[Event "Neckar op-A 16th"]
[Site "Deizisau"]
[Date "2012.04.07"]
[Round "4"]
[White "Rau, Hannes"]
[Black "Sanikidze, Tornike"]
[Result "1-0"]
[WhiteElo "2464"]
[BlackElo "2549"]
[PlyCount "115"]
[EventDate "2012.04.05"]
[EventType "swiss"]
[EventRounds "9"]
[EventCountry "GER"]
[SourceTitle "CBM 147 Extra"]
[Source "ChessBase"]
[SourceDate "2012.04.24"]
[SourceVersion "1"]
[SourceVersionDate "2012.04.24"]
[SourceQuality "1"]

1. d4 d5 2. c4 e6 3. Nf3 Nf6 4. g3 dxc4 5. Qa4+ Nbd7 6. Qxc4 a6 7. Bg2 b5 8. Qc6 Rb8 9. Bf4 Nd5 10. Bg5 Be7 11. Bxe7 Qxe7 12. Nc3 Nb4 13. Qxc7 Nc2+ 14. Kd1 Nxa1 15. Ne5 0-0 16. Nc6 Qe8 17. Nxb8 b4 18. Nxd7 bxc3 19. bxc3 Bxd7 20. Kd2 e5 21. Rxa1 exd4 22. cxd4 Bg4 23. Qc4 Qd8 24. e3 Qa5+ 25. Qc3 Qb5 26. Bf1 Qf5 27. Ke1 Rc8 28. Qd2 Qd5 29. Rc1 Rxc1+ 30. Qxc1 Qxa2 31. Bd3 Qa5+ 32. Kf1 Qd5 33. Kg1 a5 34. Qb1 g6 35. Be4 Qd6 36. Qb5 Qc7 37. Bc6 Bh3 38. f4 Qe7 39. Qb8+ Qf8 40. Qxf8+ Kxf8 41. Kf2 f5 42. Ke2 Ke7 43. Bd5 Kd6 44. Bf7 Ke7 45. Bc4 h6 46. Kd2 g5 47. fxg5 hxg5 48. Kc3 Kd6 49. Kb3 Kc6 50. Ka4 Kb6 51. Bd3 Kc6 52. Bc4 Kb6 53. Be6 Bg4 54. h4 gxh4 55. gxh4 Bd1+ 56. Ka3 Bc2 57. h5 Kc6 58. Bg8 1-0

[Event "Bundesliga 1112"]
[Site "Germany"]
[Date "2011.10.15"]
[Round "2.8"]
[White "Popovic, Petar"]
[Black "Rau, Hannes"]
[Result "1/2-1/2"]
[WhiteElo "2485"]
[BlackElo "2464"]
[PlyCount "59"]
[EventDate "2011.10.14"]
[EventType "team-tourn"]
[EventRounds "15"]
[EventCountry "GER"]
[SourceTitle "CBM 145"]
[Source "ChessBase"]
[SourceDate "2011.11.11"]
[SourceVersion "1"]
[SourceVersionDate "2011.11.11"]
[SourceQuality "1"]
[WhiteTeam "Remagen"]
[BlackTeam "Hockenheim"]
[WhiteTeamCountry "GER"]
[BlackTeamCountry "GER"]

1. e4 c5 2. Nf3 Nc6 3. d4 cxd4 4. Nxd4 Nf6 5. Nc3 d6 6. f3 e5 7. Nb3 Be7 8. Be3 0-0 9. Qd2 a5 10. Bb5 Na7 11. Bd3 Be6 12. Rd1 Nc8 13. 0-0 Nb6 14. Qf2 Nc4 15. Bxc4 Bxc4 16. Rfe1 Qc8 17. a4 Qc6 18. Bb6 Bd8 19. Bxd8 Rfxd8 20. Nd2 Be6 21. Nf1 d5 22. exd5 Nxd5 23. Nxd5 Rxd5 24. Rxd5 Qxd5 25. Ne3 Qd4 26. b3 Rd8 27. h3 Qf4 28. Re2 Qb4 29. Nf1 Rd5 30. Nd2 1/2-1/2

[Event "Vienna op 17th"]
[Site "Vienna"]
[Date "2011.08.21"]
[Round "9"]
[White "Riff, Jean Noel"]
[Black "Rau, Hannes"]
[Result "1/2-1/2"]
[WhiteElo "2493"]
[BlackElo "2448"]
[PlyCount "129"]
[EventDate "2011.08.13"]
[EventType "swiss"]
[EventRounds "9"]
[EventCountry "AUT"]
[SourceTitle "CBM 143 Extra"]
[Source "ChessBase"]
[SourceDate "2011.08.29"]
[SourceVersion "1"]
[SourceVersionDate "2011.08.29"]
[SourceQuality "1"]

1. e4 c5 2. Nf3 Nc6 3. Nc3 e5 4. Bc4 Be7 5. Nd5 Nf6 6. Nxe7 Qxe7 7. d3 d6 8. c3 Be6 9. Bb5 h6 10. h3 a6 11. Ba4 b5 12. Bc2 d5 13. Qe2 0-0 14. g4 dxe4 15. dxe4 Nh7 16. Rg1 g5 17. h4 Rfd8 18. hxg5 hxg5 19. Qf1 f6 20. Qh3 Rd7 21. Be3 Rad8 22. Rh1 Na5 23. Nd2 Nc4 24. Nxc4 Bxc4 25. Qh6 Rc8 26. f3 Qg7 27. Qh2 Nf8 28. Bb3 Be6 29. Rd1 Rxd1+ 30. Kxd1 a5 31. Kc1 Bxb3 32. axb3 Ne6 33. Rd1 Nd4 34. Kb1 Nxb3 35. Rd6 c4 36. Qh1 b4 37. Qd1 Qf7 38. Rd7 Qe6 39. Rb7 Re8 40. cxb4 axb4 41. Rxb4 Ra8 42. Kc2 Nd4+ 43. Bxd4 Rd8 44. Qh1 Qd7 45. Qf1 exd4 46. Qxc4+ Kh8 47. Kd3 Qd6 48. Qf7 Qxb4 49. Qxf6+ Kh7 50. Qf7+ Kh8 51. Qh5+ Kg7 52. Qxg5+ Kf7 53. Qxd8 Qb3+ 54. Kd2 Qxb2+ 55. Ke1 Qc1+ 56. Kf2 Qe3+ 57. Kg3 d3 58. Qd5+ Ke8 59. Qc6+ Kd8 60. Qa8+ Kc7 61. Qa5+ Kb7 62. Qb4+ Ka6 63. Qa3+ Kb5 64. Qb3+ Ka6 65. Qa3+ 1/2-1/2

[Event "Vienna op 17th"]
[Site "Vienna"]
[Date "2011.08.17"]
[Round "5"]
[White "Rau, Hannes"]
[Black "Froewis, Georg"]
[Result "1-0"]
[WhiteElo "2448"]
[BlackElo "2329"]
[PlyCount "111"]
[EventDate "2011.08.13"]
[EventType "swiss"]
[EventRounds "9"]
[EventCountry "AUT"]
[SourceTitle "CBM 143 Extra"]
[Source "ChessBase"]
[SourceDate "2011.08.29"]
[SourceVersion "1"]
[SourceVersionDate "2011.08.29"]
[SourceQuality "1"]

1. c4 e6 2. Nf3 d5 3. g3 Nf6 4. Bg2 c6 5. Qc2 Nbd7 6. 0-0 Bd6 7. d4 0-0 8. b3 Qe7 9. Bb2 e5 10. dxe5 Nxe5 11. Nbd2 Bg4 12. Nd4 Qd7 13. c5 Bc7 14. f4 Ng6 15. f5 Ne5 16. h3 Rae8 17. hxg4 Nexg4 18. Rf3 Ne4 19. Nf1 Qd8 20. Rd1 Qg5 21. Bc1 Qh5 22. Bf4 Be5 23. Bxe5 Rxe5 24. Rdd3 Rfe8 25. Rf4 Ng5 26. Qd2 Nh3+ 27. Bxh3 Qxh3 28. e3 g5 29. Rf3 Re4 30. Rc3 Qh5 31. Qg2 Ne5 32. Rf2 Ng4 33. Rf3 Ne5 34. Rf2 Ng4 35. Re2 Nf6 36. Rcc2 Nd7 37. Qh1 Qxh1+ 38. Kxh1 Nxc5 39. Nxc6 Nxb3 40. axb3 bxc6 41. Rxc6 d4 42. Rc4 d3 43. Rd2 Rxc4 44. bxc4 Rc8 45. Rxd3 Rxc4 46. Nd2 Ra4 47. e4 Kg7 48. Kg2 h5 49. Kf3 a5 50. e5 h4 51. Ne4 g4+ 52. Kf4 h3 53. Rd2 Rb4 54. e6 fxe6 55. fxe6 a4 56. Kf5 1-0

[Event "Vienna op 17th"]
[Site "Vienna"]
[Date "2011.08.16"]
[Round "4"]
[White "Khenkin, Igor"]
[Black "Rau, Hannes"]
[Result "1/2-1/2"]
[WhiteElo "2620"]
[BlackElo "2448"]
[PlyCount "52"]
[EventDate "2011.08.13"]
[EventType "swiss"]
[EventRounds "9"]
[EventCountry "AUT"]
[SourceTitle "CBM 143 Extra"]
[Source "ChessBase"]
[SourceDate "2011.08.29"]
[SourceVersion "1"]
[SourceVersionDate "2011.08.29"]
[SourceQuality "1"]

1. d4 d5 2. c4 e6 3. Nc3 Be7 4. cxd5 exd5 5. Bf4 c6 6. Qc2 g6 7. e3 Bf5 8. Qd2 Nf6 9. f3 Bd6 10. g4 Be6 11. Nge2 Qe7 12. 0-0-0 Nbd7 13. Bxd6 Qxd6 14. e4 dxe4 15. fxe4 Nxg4 16. d5 cxd5 17. exd5 Bf5 18. Nd4 0-0-0 19. Nxf5 gxf5 20. Bd3 Rhe8 21. Rde1 f4 22. Bxh7 Kb8 23. Bf5 Ne3 24. Bxd7 Rxd7 25. Re2 Rc8 26. Kb1 a6 1/2-1/2

[Event "Vienna op 17th"]
[Site "Vienna"]
[Date "2011.08.14"]
[Round "2"]
[White "Rau, Hannes"]
[Black "Shteinberg, Vladimir"]
[Result "1-0"]
[WhiteElo "2448"]
[BlackElo "2177"]
[PlyCount "82"]
[EventDate "2011.08.13"]
[EventType "swiss"]
[EventRounds "9"]
[EventCountry "AUT"]
[SourceTitle "CBM 143 Extra"]
[Source "ChessBase"]
[SourceDate "2011.08.29"]
[SourceVersion "1"]
[SourceVersionDate "2011.08.29"]
[SourceQuality "1"]

1. d4 Nf6 2. c4 e6 3. Nc3 Bb4 4. Qc2 c5 5. dxc5 0-0 6. a3 Bxc5 7. Nf3 Nc6 8. b4 Nd4 9. Nxd4 Bxd4 10. e3 Be5 11. Bb2 b6 12. Be2 Bb7 13. 0-0 d5 14. Rfd1 Qc7 15. f4 Bxc3 16. Bxc3 dxc4 17. Be5 Qc6 18. Bxc4 Rfd8 19. b5 Rxd1+ 20. Rxd1 Qc5 21. Bxf6 gxf6 22. Qb3 Rc8 23. Rd4 Qh5 24. Qd3 Qg4 25. Qd2 Qf5 26. h3 Qc5 27. a4 Qa3 28. Kh2 Rc7 29. f5 exf5 30. Qf2 Qe7 31. Qg3+ Kh8 32. Bxf7 Rc8 33. Bd5 Bxd5 34. Rxd5 Rc5 35. Rxc5 bxc5 36. Qb8+ Kg7 37. a5 c4 38. b6 axb6 39. axb6 Kh6 40. b7 c3 41. Qf4+ Kg7 1-0

[Event "BL2-Sued 1011"]
[Site "Germany"]
[Date "2011.01.16"]
[Round "5.5"]
[White "Bewersdorff, Oliver"]
[Black "Rau, Hannes"]
[Result "0-1"]
[WhiteElo "2324"]
[BlackElo "2464"]
[PlyCount "50"]
[EventDate "2010.10.10"]
[EventType "team-tourn"]
[EventRounds "9"]
[EventCountry "GER"]
[SourceTitle "EXT 2012"]
[Source "ChessBase"]
[SourceDate "2011.11.24"]
[SourceVersion "1"]
[SourceVersionDate "2011.11.24"]
[SourceQuality "1"]
[WhiteTeam "Schott Mainz"]
[BlackTeam "Hockenheim"]
[WhiteTeamCountry "GER"]
[BlackTeamCountry "GER"]

1. d4 Nf6 2. c4 e6 3. g3 Bb4+ 4. Bd2 Qe7 5. Nf3 0-0 6. Nc3 d6 7. Bg2 e5 8. Nd5 Nxd5 9. cxd5 a5 10. dxe5 dxe5 11. 0-0 e4 12. Nd4 Rd8 13. Bxb4 axb4 14. Qb3 Ra5 15. Nc2 Raxd5 16. Qc4 Rd2 17. Rac1 c5 18. Rfe1 Re8 19. b3 b6 20. Qb5 Rd6 21. Ne3 Ba6 22. Qa4 b5 23. Qa5 Qa7 24. Nf5 Rd5 25. Bxe4 Rxf5 0-1